Ekonomická racionalita a svet hodnôt

Racionalita verzus hodnoty. Definícia racionality. Maximalizácia a optimalizácia. Pojem racionality v neoklasickej ekonómii. Homo oeconomicus - pojem s ktorým sa dá stretnúť v ekonómii, sociológii, filozofii, v historických a iných disciplínach. Strategická racionalita.

Salvato in:
Dettagli Bibliografici
Autore principale: Smreková, Dagmar
Natura: Libro
Lingua:slovacco
Soggetti:
Tags: Aggiungi Tag
Nessun Tag, puoi essere il primo ad aggiungerne!!

MARC

LEADER 00000nam a2200000 4500
001 r031908
005 20230925101955.7
041 0 |a slo 
044 |a SK 
245 1 0 |a Ekonomická racionalita a svet hodnôt  |c Dagmar Smreková 
520 |a Racionalita verzus hodnoty. Definícia racionality. Maximalizácia a optimalizácia. Pojem racionality v neoklasickej ekonómii. Homo oeconomicus - pojem s ktorým sa dá stretnúť v ekonómii, sociológii, filozofii, v historických a iných disciplínach. Strategická racionalita. 
610 2 0 |a veda ekonomická 
610 2 0 |a racionalita ekonomická 
610 2 0 |a ekonómia 
610 2 0 |a neoklasicizmus 
610 2 0 |a dejiny myslenia ekonomického 
100 1 |a Smreková, Dagmar